000
00286nam a22001217a 4500
999
_c
11987
_d
11987
020
_a
039553755X
082
_a
303.34
100
_a
Dianne Feinstein
245
_a
Women in Power the Secrets of leadership
260
_a
New York
_b
Mifflin Company
_c
1992
300
_a
315
942
_c
BK